| 000 | 01461cam a22001694a 4500 | ||
|---|---|---|---|
| 005 | 20250605163222.0 | ||
| 008 | 250528s ||||||||||||||||||||||||d | ||
| 035 | _a14712 | ||
| 040 |
_aGR-AtMCL _bgre _dGR-AtMCL _eAACR2 |
||
| 245 | 1 | _aΑναπαραστάσεις της Θηλυκότητας / Φεμινιστικές Προσεγγίσεις | |
| 260 |
_bΚέντρο Έρευνας Και Τεκμηρίωσης, _c1994 |
||
| 300 | _a72 | ||
| 520 | _aΑναπαραστάσεις της Θηλυκότητας: Μια Σύντομη Εισαγωγή σε Προσεγγίσεις και Προβλήματα, Μεταλλασσόμενος Οιδίποδας: Ψυχανάλυση και Φεμινισμός και οι Νέες Τεχνολογίες Αναπαραγωγής, Η Ανατομία της Ενοχής: Αναπαραστάσεις Θηλυκότητας, Αναπαραστάσεις της Θηλυκότητας στην Ελληνική Γυναικεία Λογοτεχνία: Καλείται να Μιλήσει ο Ερμαφρόδιτος του Λούβρου, Φεμινιστική Κριτική των Μέσων Μαζικής Επικοινωνίας και η Δυσκολία Ανάλυσης των Γυναικείων Περιοδικών, Η Πόλη: Ένας Χώρος για τις Γυναίκες, Λίγα Λόγια για τις Εισηγήτριες. | ||
| 942 | _cBK | ||
| 999 |
_c333 _d333 |
||